000 01198nam a22003377a 4500
003 CHAP
005 20240513135729.0
008 110914s2006 mx a r 00010 spa d
010 _a102110
011 _a103082
020 _a9589244114
035 _a113771
040 _cCHAP
082 0 4 _a630.2515098254
_bP17
100 1 _aPalencia Severiche, Graciliano
_984893
245 1 0 _aEstudio agroclimático del Departamento de Córdoba
_c/por Graciliano Palencia Severiche, Teobaldis Mercado Fernández y Enrique Combatt Caballero
260 _aCórdoba, Arg. :
_bUniversidad de Córdoba,
_c2006
300 _a126 p. :
_bilus., mapas, tablas
_e+ CD (4 3/4 plg.)
590 _aBATCH-UPD
_b10
_c20130110
590 _aBATCH-UPD
_b10
_c20130410
590 _aBATCH-UPD
_b10
_c20130914
590 _aCONVERSION
_b10
_c20130109
650 1 4 _aArgentina
_xCondiciones rurales.
_96986
650 1 4 _aCultivos y clima.
_930392
650 1 4 _aMeteorología agrícola.
_975217
700 1 _aCombatt Caballero, Enrique
_925541
700 1 _aMercado Fernández, Teobaldis.
_974896
901 _aBK
942 _cLIBRO
_2ddc
949 _a630.2515098254 P17
_bBC
_cLIBRO
_d33724002303710
_eLIBRO
_h115832
_i113771
_si
999 _c102110
_d102110